00757nam a22002177a 45000050016000000100013000160200022000290350013000510370021000640820008000851000027000932450065001202600041001852700039002263000028002654900030002937000010003239420022003339990017003559520167003722012032301581.0 aB-447104 a8123737130c20.00 aB-447104 adplbK.K.Pub/Ven a921 aNadkarni, Mohan944642 aBal gandharva :bthe nonpareil thespian /cby Mohan Nadkarni aNew DelhibNational Book Trustc2002 aA-5 Green Park,bNew Delhie110016 avi,77p.billc22cm(pbk) aNational biography944643 944367 2ddccENmNADh921 c64437d64437 001040708NFICaLbLd2012-04-02eK.K.Pub/1318/23.09.2011/03/23.09.2011/09.11.2011 g20.00l0o921 NADpB-447104r2012-04-02 00:00:00t1v20.00w2012-04-02yEN